Domestic building inspection [

Bibliographic Details
Format: Book
Subjects:

MARC

LEADER 00000cam a2200000 7i4500
001 0000018394
005 20061213.0
040 |a INS 
090 0 0 |a TH439 
245 0 0 |a Domestic building inspection [  |h video recording] 
300 |a 1 Video cassette (VHS) :   |b sd., col. ;   |c 1/2 in. 
650 0 0 |a Building inspection 
999 |a VHS89   |b VIDEO   |c Map Collection   |e Default branch